Дело о выдаче свидетельства сыну живописца Отто, Карлу

Доступно только в Электронных читальных залах Найти на картеНа карте
RUSMARC
00003997nmc2a22000003x 450
001525cdf35-3d4f-4e6c-be2b-47bc5051dd0e
00520181128193437.0
100##$a20170111l18251832k l0rusy0189 ca
1010#$arus
102##$aRU
2001#$aДело о выдаче свидетельства сыну живописца Отто, Карлу
$jдекабрь 1825 г. - 16 февраля 1832 г.
251##$cДело
300##$aДело
300##$aОриг. заголовок дела: Дело по прошению сына живописца Карла Отто о выдаче ему о звании свидетельства. декабрь 1825 г. - 16 февраля 1832 г
801#0$aRU
$bРГИА
$c20170111
$gRCR
801#1$aRU
$bГлавНИВЦ
$c20170111
$2rusmarc
801#2$aRU
$bПБ им. Б.Н. Ельцина
$c20181128
$gRCR
$2rusmarc
850##$aРГИА
852##$aРГИА
$eФедеральное казенное учреждение "Российский государственный исторический архив" (РГИА)
$j2770
937##$hРГИА
$d12238512
$aASBIBLIO_SCAN
462#0$1001dd3991dc-24e1-42ec-8838-ca4255420416
$12001
$a1746-1850 гг.
$1251
$cОпись
$1852
$j1
461#0$10019264ebf8-de62-4f1a-9eb4-9f22098dbbd5
$12001
$aДирекция императорских театров МИДв
$1251
$cФонд
$1852
$j497
215##$a12 л.
$d36,5х26 см
371##$aДокумент не является опубликованным и широко распространяемым
105##$ay###
1222#$ad
5171#$aДело по прошению сына живописца Карла Отто о выдаче ему о звании свидетельства. декабрь 1825 г. - 16 февраля 1832 г
035##$a525cdf35-3d4f-4e6c-be2b-47bc5051dd0e
856##$uhttp://readingroom.main.prlib.ru/item.aspx?id_node=n121099270&mode=full
Формат отображения